书目信息 |
| 题名: |
建筑防腐蚀材料
|
|
| 作者: | 沈春林 编 | |
| 分册: | ||
| 出版信息: | 北京 化学工业出版社 2003.06 |
|
| 页数: | 429页 | |
| 开本: | 20cm | |
| 丛书名: | ||
| 单 册: | ||
| 中图分类: | TU593-44 | |
| 科图分类: | ||
| 主题词: | 建筑材料--特种 | |
| 电子资源: | ||
| ISBN: | 7-5025-4387-2 | |
| 000 | 00558nam0 2200193 45 | |
| 001 | 0435376385 | |
| 005 | 2004042809493542 | |
| 010 | @a7-5025-4387-2@dCNY 30.00 | |
| 100 | @a20040428d2003 km y0chiy0120 ea | |
| 101 | 0 | @achi |
| 102 | @aCN@b110000 | |
| 200 | 1 | @a建筑防腐蚀材料@AJian Zhu Fang Fu Shi Cai Liao@f沈春林等编@Fshen chun lin deng bian |
| 210 | @a北京@c化学工业出版社@d2003.06 | |
| 215 | @a429页@d20cm | |
| 606 | 0 | @a建筑材料@x特种 |
| 690 | @aTU593-44@v3 | |
| 701 | 0 | @a沈春林@Ashen chun lin@4编 |
| 801 | 0 | @aCN@bPFT@c20040428 |
| 905 | @dTU593-44@eS380 | |
| 建筑防腐蚀材料/沈春林等编.-北京:化学工业出版社,2003.06 |
| 429页;20cm |
| ISBN 7-5025-4387-2:CNY 30.00 |
| ● |
| 相关链接 |
|
|
|
正题名:建筑防腐蚀材料
索取号:TU593-44/S380
 
预约/预借
| 序号 | 登录号 | 条形码 | 馆藏地/架位号 | 状态 | 备注 |
| 1 | 390837 | 203908370 | 建筑库201/201建筑库 11排3列5层/ [索取号:TU593-44/S380] | 在馆 | |
| 2 | 390838 | 203908389 | 建筑库201/201建筑库 11排3列5层/ [索取号:TU593-44/S380] | 在馆 | |
| 3 | 390839 | 203908398 | 建筑库201/201建筑库 11排3列5层/ [索取号:TU593-44/S380] | 在馆 |